[Event "Eliteserien 2009-2010"]
[Site "Haraldsheim"]
[Date "2009.11.06"]
[Round "1"]
[White "Djurhuus, Rune"]
[Black "Grandelius, Nils"]
[Result "1-0"]
[WhiteElo "2414"]
[BlackElo "2431"]
[PlyCount "79"]
[EventDate "2009.??.??"]

1. d4 Nf6 2. c4 g6 3. Nc3 d5 4. cxd5 Nxd5 5. e4 Nxc3 6. bxc3 Bg7 7. Bc4 c5 8.
Ne2 O-O 9. O-O Nc6 10. Be3 Na5 11. Bd3 b6 12. Rb1 cxd4 13. cxd4 e6 14. f4 Bb7
15. f5 exf5 16. exf5 Qd5 17. Nf4 Qd6 18. Kh1 Rfe8 19. Bd2 Be4 20. fxg6 hxg6 21.
Bxe4 Rxe4 22. Qf3 f5 23. Bb4 Qf6 24. Nd5 Qg5 25. Nc3 Ree8 26. Qd5+ Kh8 27. Ne4
Qe3 28. Nd6 Qe6 29. Qf3 Red8 30. Rbe1 Qxa2 31. Re7 Rf8 32. Qg3 Kh7 33. Qe5 Qg8
34. Rf3 g5 35. Nxf5 Rf7 36. Rh3+ Kg6 37. Re6+ Rf6 38. Rxf6+ Bxf6 39. Rh6+ Kf7
40. Rxf6# 
1-0

[Event "Eliteserien 2009-2010"]
[Site "Haraldsheim"]
[Date "2009.11.06"]
[Round "4"]
[White "Elsness, Frode"]
[Black "Djurhuus, Rune"]
[Result "1-0"]
[WhiteElo "2469"]
[BlackElo "2414"]
[PlyCount "81"]
[EventDate "2009.??.??"]

1. d4 Nf6 2. c4 g6 3. Nc3 Bg7 4. e4 d6 5. Nf3 O-O 6. h3 a6 7. Bg5 c6 8. Nd2 b5
9. a3 Nbd7 10. Be2 Bb7 11. O-O bxc4 12. Nxc4 d5 13. exd5 cxd5 14. Ne3 Nb6 15.
Rc1 Rc8 16. Qb3 h6 17. Bf4 Rc6 18. a4 Qd7 19. a5 Nc8 20. Bf3 e6 21. Na4 Ba8 22.
Nc5 Qd8 23. Qb4 Nd7 24. Be2 Nxc5 25. Rxc5 Ne7 26. Ng4 g5 27. Be5 f6 28. Bh2 Qd7
29. Rfc1 Bb7 30. Rxc6 Nxc6 31. Qb6 Ra8 32. Bc7 Rc8 33. Qxb7 Rxc7 34. Qb6 h5 35.
Nh2 f5 36. Nf3 g4 37. hxg4 hxg4 38. Ne5 Bxe5 39. dxe5 d4 40. Bxa6 f4 41. Bb5
1-0

[Event "Eliteserien 2009-2010"]
[Site "Haraldsheim"]
[Date "2009.11.06"]
[Round "4"]
[White "Hole, Øystein"]
[Black "Miezis, Normunds"]
[Result "0-1"]
[WhiteElo "2369"]
[BlackElo "2481"]
[PlyCount "86"]
[EventDate "2009.??.??"]

1. Nf3 c5 2. c4 Nf6 3. Nc3 Nc6 4. g3 e5 5. Bg2 d6 6. O-O Be7 7. d3 O-O 8. e4 a6
9. Nh4 Nd4 10. Nf5 Nxf5 11. exf5 Bxf5 12. Bxb7 Rb8 13. Bg2 Be6 14. Re1 Qd7 15.
Qc2 Ne8 16. Nd5 Bxd5 17. Bxd5 Nc7 18. Bg2 f5 19. f4 Bf6 20. Rb1 Kh8 21. Rf1 Ne6
22. Bd5 Nd4 23. Qg2 exf4 24. Bxf4 Rfe8 25. Rbe1 Rxb2 26. Qxb2 Nf3+ 27. Bxf3
Bxb2 28. Bxd6 Rc8 29. Bf4 Qxd3 30. Bd5 h6 31. Re6 Kh7 32. Kg2 Bd4 33. Rfe1 Rd8
34. h4 a5 35. h5 a4 36. Re8 Rxd5 37. cxd5 Bc3 38. R1e2 Qxd5+ 39. Kh2 Qf3 40.
Rc2 Qxh5+ 41. Kg2 Qxe8 42. Rxc3 Qe2+ 43. Kh3 g5 
0-1

[Event "Eliteserien 2009-2010"]
[Site "Haraldsheim"]
[Date "2009.11.06"]
[Round "4"]
[White "Thomassen, Joachim"]
[Black "Thorstensen, Trond"]
[Result "1-0"]
[WhiteElo "2338"]
[BlackElo "2209"]
[PlyCount "80"]
[EventDate "2009.??.??"]

1. d4 d5 2. Nf3 Nf6 3. c4 e6 4. Nc3 Nbd7 5. Bg5 Be7 6. e3 O-O 7. Qc2 b6 8. cxd5
exd5 9. Bd3 Bb7 10. O-O Ne4 11. Bf4 f5 12. Nb5 Bd6 13. Bxd6 cxd6 14. Rac1 a6
15. Qc7 Qxc7 16. Nxc7 Ra7 17. a4 Kf7 18. b4 Ke7 19. Rc2 g6 20. Rfc1 Rd8 21. Ne1
Nf8 22. Bf1 Ne6 23. b5 a5 24. Na6 Raa8 25. Nc7 Nxc7 26. Rxc7+ Rd7 27. Nd3 Kd8
28. R7c2 Rc8 29. Rxc8+ Bxc8 30. Nf4 Bb7 31. Be2 g5 32. Ne6+ Ke7 33. Ng7 Kf6 34.
Nh5+ Kg6 35. g4 Rf7 36. gxf5+ Rxf5 37. f3 Nd2 38. Bd3 Nxf3+ 39. Kh1 Kxh5 40.
Bxf5 g4 
1-0

[Event "Eliteserien 2009-2010"]
[Site "Haraldsheim"]
[Date "2009.11.06"]
[Round "4"]
[White "Skrondal, Inge Sandstad"]
[Black "Haugli, Petter"]
[Result "0-1"]
[WhiteElo "2247"]
[BlackElo "2259"]
[PlyCount "66"]
[EventDate "2009.??.??"]

1. Nf3 Nf6 2. c4 g6 3. Nc3 Bg7 4. e4 d6 5. d4 O-O 6. Be2 e5 7. dxe5 dxe5 8.
Qxd8 Rxd8 9. Bg5 Re8 10. Nd5 Nxd5 11. cxd5 c6 12. Bc4 cxd5 13. Bxd5 Nd7 14. Nd2
Nb6 15. Bb3 Be6 16. O-O-O Bxb3 17. Nxb3 f6 18. Bd2 Rac8+ 19. Kb1 Nc4 20. Bc3
Red8 21. Rxd8+ Rxd8 22. Re1 b6 23. Kc2 Kf7 24. Nd2 Nd6 25. Bb4 Nb5 26. Nf3 Bh6
27. Rd1 Rxd1 28. Kxd1 Ke6 29. Kc2 f5 30. Kd3 a5 31. Bd2 fxe4+ 32. Kxe4 Nd6+ 33.
Kd3 e4+ 
0-1

[Event "Eliteserien 2009-2010"]
[Site "Haraldsheim"]
[Date "2009.11.06"]
[Round "4"]
[White "Hagen, Anders G"]
[Black "Gudbrandsen, Gustav"]
[Result "1/2-1/2"]
[WhiteElo "2011"]
[BlackElo "2180"]
[PlyCount "53"]
[EventDate "2009.??.??"]

1. d4 Nf6 2. c4 c5 3. d5 b5 4. cxb5 a6 5. bxa6 Bxa6 6. g3 d6 7. Bg2 g6 8. b3
Bg7 9. Bb2 O-O 10. Nh3 Nbd7 11. O-O Qa5 12. Qc2 Rac8 13. Nd2 Bxe2 14. Rfe1 Bg4
15. Rxe7 Bf5 16. Qc3 Qxc3 17. Bxc3 Nxd5 18. Bxg7 Kxg7 19. Bxd5 Bxh3 20. Nc4 Nf6
21. Rd1 Nxd5 22. Rxd5 Ra8 23. Re2 Rfb8 24. f3 Be6 25. Rxd6 Bxc4 26. bxc4 Rb1+
27. Kg2 
1/2-1/2

[Event "Eliteserien 2009-2010"]
[Site "Haraldsheim"]
[Date "2009.11.06"]
[Round "4"]
[White "Briseid, Håkon"]
[Black "Johansen, Paul"]
[Result "1/2-1/2"]
[WhiteElo "1992"]
[BlackElo "2023"]
[PlyCount "92"]
[EventDate "2009.??.??"]

1. d4 Nf6 2. c4 c5 3. Nf3 cxd4 4. Nxd4 g6 5. Nc3 Bg7 6. e4 Nc6 7. Be3 O-O 8.
Be2 d6 9. O-O Nxd4 10. Bxd4 b6 11. f4 Bb7 12. Bf3 Nd7 13. Bxg7 Kxg7 14. Qd4+ f6
15. Rad1 Qc7 16. Kh1 Rac8 17. b3 a6 18. Bg4 Rcd8 19. Bxd7 Rxd7 20. Na4 b5 21.
Nc5 dxc5 22. Qxd7 Qc6 23. Qxc6 Bxc6 24. e5 b4 25. Kg1 a5 26. Rfe1 f5 27. e6 Be4
28. Rd7 Kf6 29. Red1 a4 30. Ra7 axb3 31. axb3 Kxe6 32. Rdd7 Re8 33. Rdc7 Kd6
34. Rd7+ Ke6 35. Rd2 Rc8 36. Kf2 h6 37. Ke3 g5 38. g4 Kf6 39. gxf5 Bxf5 40.
Ra6+ e6 41. Ra5 g4 42. Kf2 h5 43. Rd7 h4 44. Raa7 Bg6 45. Ke3 Rg8 46. Ra5 g3
1/2-1/2

[Event "Eliteserien 2009-2010"]
[Site "Haraldsheim"]
[Date "2009.11.06"]
[Round "4"]
[White "Urkedal, Frode Olav Olsen"]
[Black "Løvik, Lasse Østebø"]
[Result "1-0"]
[WhiteElo "2398"]
[BlackElo "2342"]
[PlyCount "55"]
[EventDate "2009.??.??"]

1. d4 Nf6 2. c4 e6 3. Nf3 d5 4. e3 Be7 5. Nc3 O-O 6. b3 b6 7. Bd3 Bb7 8. O-O
Nbd7 9. Bb2 Ne4 10. Qc2 Ndf6 11. Ne2 c5 12. Ne5 cxd4 13. exd4 Rc8 14. Rac1 Nd7
15. Rfd1 f5 16. Nf4 Rf6 17. Qe2 g5 18. Nh5 Rf8 19. cxd5 Rxc1 20. Rxc1 Nxe5 21.
dxe5 Bxd5 22. Bxe4 Bxe4 23. Nf6+ Bxf6 24. exf6 Qe8 25. Rc7 e5 26. Bxe5 Bd3 27.
Rg7+ Kh8 28. f7 
1-0

[Event "Eliteserien 2009-2010"]
[Site "Haraldsheim"]
[Date "2009.11.06"]
[Round "4"]
[White "Ekeberg, Carl Fr."]
[Black "Hansen, Torbjørn R."]
[Result "1/2-1/2"]
[WhiteElo "2267"]
[BlackElo "2370"]
[PlyCount "44"]
[EventDate "2009.??.??"]

1. d4 Nf6 2. c4 g6 3. Nf3 Bg7 4. g3 O-O 5. Bg2 d6 6. O-O Nc6 7. Nc3 a6 8. Qd3
e5 9. dxe5 dxe5 10. Qxd8 Rxd8 11. Bg5 Be6 12. Nd2 h6 13. Bxf6 Rxd2 14. Bxg7
Kxg7 15. Bxc6 bxc6 16. b3 Rad8 17. Rfd1 a5 18. Kf1 Rxd1+ 19. Rxd1 Rxd1+ 20.
Nxd1 a4 21. Ke1 axb3 22. axb3 Kf6 
1/2-1/2

[Event "Eliteserien 2009-2010"]
[Site "Haraldsheim"]
[Date "2009.11.06"]
[Round "4"]
[White "Bae, Torstein"]
[Black "Hammerstad, Åsmund"]
[Result "1-0"]
[WhiteElo "2387"]
[BlackElo "2173"]
[PlyCount "46"]
[EventDate "2009.??.??"]

1. e4 e6 2. d4 d5 3. exd5 exd5 4. c4 Bb4+ 5. Nc3 Ne7 6. Nf3 Nbc6 7. Bd3 O-O 8.
O-O dxc4 9. Bxc4 Bg4 10. Be3 Nf5 11. Qd3 Qd7 12. Ng5 Bh5 13. Nd5 Bd6 14. Ne4
Be7 15. Nc5 Bxc5 16. dxc5 Rad8 17. Bg5 Ne5 18. Qxf5 Nxc4 19. Bxd8 Qxf5 20. Ne7+
Kh8 21. Nxf5 Rxd8 22. b3 Ne5 23. Ng3 Bg6 
1-0

[Event "Eliteserien 2009-2010"]
[Site "Haraldsheim"]
[Date "2009.11.06"]
[Round "4"]
[White "Aulin-Jansson, Jøran"]
[Black "Bjerke, Silje"]
[Result "1/2-1/2"]
[WhiteElo "2183"]
[BlackElo "2179"]
[PlyCount "72"]
[EventDate "2009.??.??"]

1. e4 c5 2. Nc3 Nc6 3. f4 g6 4. Bc4 Bg7 5. Nf3 e6 6. f5 Nge7 7. fxe6 dxe6 8.
O-O O-O 9. d3 Na5 10. Qe1 Nec6 11. Bg5 f6 12. Be3 Nd4 13. Qf2 Nxc4 14. dxc4 e5
15. Nd5 Be6 16. c3 Nxf3+ 17. Qxf3 Bxd5 18. cxd5 Qd6 19. g4 Rac8 20. c4 Rf7 21.
b4 cxb4 22. c5 Qa6 23. Rfb1 Bf8 24. Rc1 Qd3 25. Rd1 Qxe3+ 26. Qxe3 Bxc5 27. Kf2
Bxe3+ 28. Kxe3 Rfc7 29. Rd3 Kf7 30. Rb1 a5 31. a3 bxa3 32. Rxa3 Rc3+ 33. Rxc3
Rxc3+ 34. Kd2 Rc7 35. Rb5 a4 36. Rb4 Rd7 
1/2-1/2

[Event "Eliteserien 2009-2010"]
[Site "Haraldsheim"]
[Date "2009.11.06"]
[Round "4"]
[White "Sousa, Ludy Helsio P"]
[Black "Tari, Aryan"]
[Result "1-0"]
[WhiteElo "2205"]
[BlackElo "1975"]
[PlyCount "65"]
[EventDate "2009.??.??"]

1. e4 c6 2. d4 d5 3. Nc3 dxe4 4. Nxe4 Bf5 5. Ng3 Bg6 6. h4 h6 7. Nf3 Nd7 8. h5
Bh7 9. Bd3 Bxd3 10. Qxd3 e6 11. Bf4 Ngf6 12. O-O-O Be7 13. Ne4 Nxe4 14. Qxe4
Nf6 15. Qe2 Qa5 16. Kb1 O-O-O 17. Ne5 Rhf8 18. Nxf7 Rxf7 19. Qxe6+ Rd7 20. Qxf7
Bd6 21. Bd2 Rxf7 22. Bxa5 Ng4 23. Rh4 Nxf2 24. Rf1 Rf6 25. Bd2 Bg3 26. Rh3 Nxh3
27. Rxf6 gxf6 28. gxh3 f5 29. Bxh6 Kd7 30. Bg7 f4 31. Be5 Bh2 32. Kc1 f3 33.
Kd2 
1-0

[Event "Eliteserien 2009-2010"]
[Site "Haraldsheim"]
[Date "2009.11.06"]
[Round "4"]
[White "Gunnesdal, Lars"]
[Black "Guttulsrud, Odd Martin"]
[Result "0-1"]
[WhiteElo "2024"]
[BlackElo "2041"]
[PlyCount "66"]
[EventDate "2009.??.??"]

1. e4 c5 2. Nf3 d6 3. d4 cxd4 4. Nxd4 Nf6 5. Nc3 a6 6. a4 g6 7. Be2 Bg7 8. Be3
O-O 9. O-O Nc6 10. Nb3 Be6 11. f4 Rc8 12. Nd2 Na5 13. Rf2 d5 14. exd5 Nxd5 15.
Nxd5 Bxd5 16. c3 Qc7 17. Qc2 Nc6 18. Kh1 f5 19. Bf3 Bf7 20. Bxc6 Qxc6 21. Nf3
Bd5 22. Ne5 Qe6 23. Bd4 Rfd8 24. Qe2 Be4 25. a5 Rd6 26. Re1 Qd5 27. b4 g5 28.
Qa2 Qxa2 29. Rxa2 gxf4 30. Rf2 Rd5 31. Nf3 Bxd4 32. Nxd4 Rxc3 33. Ne2 Re3 
0-1

[Event "Eliteserien 2009-2010"]
[Site "Haraldsheim"]
[Date "2009.11.06"]
[Round "4"]
[White "Stokke, Kjetil"]
[Black "Lie, Kjetil A."]
[Result "0-1"]
[WhiteElo "2369"]
[BlackElo "2487"]
[PlyCount "106"]
[EventDate "2009.??.??"]

1. c4 e5 2. g3 Nc6 3. Nc3 f5 4. Nf3 Nf6 5. d4 e4 6. Nh4 d5 7. Bg5 Be7 8. e3 O-O
9. Bxf6 Bxf6 10. cxd5 Ne7 11. Bc4 Bxh4 12. gxh4 Ng6 13. Qh5 Nxh4 14. O-O-O Bd7
15. d6+ Kh8 16. dxc7 Qxc7 17. Qxh4 Qxc4 18. d5 Rf6 19. Rd4 Qc5 20. Kb1 Rc8 21.
Rc1 Qd6 22. Qg3 Kg8 23. Qg1 Rg6 24. Qh1 b5 25. h3 b4 26. Ne2 Rxc1+ 27. Qxc1 Rg2
28. Qe1 Qh2 29. Qxb4 Rxf2 30. Qa5 Qb8 31. Rb4 Qc8 32. Nc3 h5 33. Qxa7 Kh7 34.
Qd4 f4 35. exf4 Bf5 36. a3 e3+ 37. Ka2 Qe8 38. Rb7 Rg2 39. a4 e2 40. Nxe2 Qxe2
41. Qe5 Qc4+ 42. Ka3 Rg3+ 43. b3 Qc5+ 44. Rb4 Qc1+ 45. Qb2 Qxb2+ 46. Kxb2 Rxh3
47. a5 Re3 48. a6 Re8 49. Ra4 h4 50. a7 Ra8 51. Kc3 h3 52. Ra1 Be4 53. Kd4 Bg2
0-1

[Event "Eliteserien 2009-2010"]
[Site "Haraldsheim"]
[Date "2009.11.06"]
[Round "4"]
[White "Lie, Espen"]
[Black "Gullaksen, Eirik"]
[Result "1-0"]
[WhiteElo "2473"]
[BlackElo "2386"]
[PlyCount "153"]
[EventDate "2009.??.??"]

1. c4 g6 2. g3 Bg7 3. Bg2 d6 4. Nc3 e5 5. e4 Nc6 6. Nge2 f5 7. d3 Nf6 8. O-O
O-O 9. Nd5 Ne7 10. Nxf6+ Bxf6 11. d4 fxe4 12. Bxe4 Bh3 13. Re1 c6 14. dxe5 Bxe5
15. Nf4 Bf5 16. Bxf5 Rxf5 17. Nd3 Bg7 18. Qe2 Rf7 19. Bg5 Qd7 20. Rad1 Nf5 21.
Nc5 Qc8 22. Nb3 h6 23. Be3 Re7 24. Qd2 Qf8 25. Nd4 Nxe3 26. Rxe3 Rxe3 27. Qxe3
Re8 28. Qd3 Qf6 29. b3 Qxd4 30. Qxd4 Bxd4 31. Rxd4 Re6 32. Kg2 Kf7 33. Kf3 Ke7
34. Re4 Rxe4 35. Kxe4 Ke6 36. f4 Kf6 37. g4 Ke6 38. Kd4 Kf6 39. Ke4 Ke6 40. h3
Kf6 41. Kd4 Ke6 42. b4 Kf6 43. b5 Ke6 44. bxc6 bxc6 45. Kd3 Kf6 46. Kc3 Ke6 47.
Kb4 Kf6 48. a3 Ke6 49. a4 Kf6 50. Ka5 Ke6 51. Ka6 h5 52. a5 hxg4 53. hxg4 Kf7
54. Kxa7 d5 55. c5 d4 56. a6 d3 57. Kb6 d2 58. a7 d1=Q 59. a8=Q Qxg4 60. Qb7+
Kg8 61. Qb8+ Kh7 62. Qc7+ Kh6 63. Kxc6 Qe6+ 64. Qd6 Qf7 65. Qe5 Qf8 66. Qg5+
Kh7 67. Kd7 Qa8 68. Qe7+ Kh6 69. c6 Qa4 70. Qg5+ Kh7 71. Qe5 Kg8 72. Qe6+ Kg7
73. Kd8 Kh8 74. Qe5+ Kh7 75. c7 Qd1+ 76. Ke7 Qc2 77. Kf8 
1-0

[Event "Eliteserien 2009-2010"]
[Site "Haraldsheim"]
[Date "2009.11.06"]
[Round "4"]
[White "Borchgrevink, Harald B"]
[Black "Østmoe, Geir Sune Tallaksen"]
[Result "1/2-1/2"]
[WhiteElo "2241"]
[BlackElo "2389"]
[PlyCount "117"]
[EventDate "2009.??.??"]

1. d4 Nf6 2. c4 e6 3. Nc3 Bb4 4. Qc2 O-O 5. a3 Bxc3+ 6. Qxc3 b6 7. Bg5 Bb7 8.
f3 h6 9. Bh4 d5 10. e3 Nbd7 11. cxd5 Nxd5 12. Bxd8 Nxc3 13. Bh4 Nd5 14. Bf2 f5
15. Rc1 e5 16. Bb5 exd4 17. Bxd7 dxe3 18. Be6+ Kh8 19. Bxd5 exf2+ 20. Kxf2 Bxd5
21. Rxc7 Rac8 22. Rc3 Rxc3 23. bxc3 Rc8 24. Ne2 Rc5 25. Rd1 Bc4 26. Rd8+ Kh7
27. Rd7 Bxe2 28. Kxe2 Ra5 29. Ke3 Rxa3 30. Kf4 Ra5 31. h4 Kg6 32. h5+ Kf6 33.
Rd6+ Ke7 34. Rg6 Ra4+ 35. Ke5 Ra5+ 36. Kf4 Kf7 37. Rd6 Rc5 38. Rd7+ Kf6 39.
Rxa7 Rc4+ 40. Kg3 Rxc3 41. Rb7 Rc6 42. Kh3 g6 43. hxg6 Kxg6 44. f4 Kf6 45. Rh7
Kg6 46. Rb7 Rc3+ 47. Kh4 Rb3 48. Rc7 Rb1 49. Rc6+ Kg7 50. Rc7+ Kf6 51. Rc6+ Kf7
52. Kg3 Kg7 53. Rc7+ Kg6 54. Rc6+ Kh5 55. Kh3 Rh1+ 56. Kg3 Rb1 57. Kh3 Rh1+ 58.
Kg3 Rb1 59. Kh3 
1/2-1/2

[Event "Eliteserien 2009-2010"]
[Site "Haraldsheim"]
[Date "2009.11.06"]
[Round "4"]
[White "Lahlum, Hans O."]
[Black "Bern, Ivar"]
[Result "1-0"]
[WhiteElo "2173"]
[BlackElo "2267"]
[PlyCount "69"]
[EventDate "2009.??.??"]

1. d4 f5 2. Bg5 c6 3. c3 h6 4. Bf4 Nf6 5. Nd2 d6 6. e3 g5 7. Bg3 Bg7 8. f3 O-O
9. Bd3 Kh8 10. Qc2 Nd5 11. Bf2 e5 12. Ne2 exd4 13. exd4 Nf4 14. Nxf4 gxf4 15.
O-O-O a5 16. Rde1 a4 17. Re2 d5 18. Rhe1 b5 19. Nf1 Qg5 20. Qd2 Na6 21. a3 Qxg2
22. Qxf4 Qg5 23. Be3 Qxf4 24. Bxf4 Bf6 25. Bxh6 Rg8 26. Ng3 Bh4 27. Bf4 Bd7 28.
Be5+ Kh7 29. Nxf5 Bxe1 30. Ne7+ Kh6 31. Nxg8+ Rxg8 32. Rxe1 c5 33. Bf4+ Kh5 34.
Re5+ Kh4 35. Bg3+ 
1-0

[Event "Eliteserien 2009-2010"]
[Site "Haraldsheim"]
[Date "2009.11.06"]
[Round "4"]
[White "Tjølsen, Katrine"]
[Black "Tallaksen, Levi André"]
[Result "0-1"]
[WhiteElo "2274"]
[BlackElo "2154"]
[PlyCount "52"]
[EventDate "2009.??.??"]

1. e4 e5 2. Nf3 Nc6 3. Bb5 a6 4. Ba4 Nf6 5. O-O Be7 6. Re1 b5 7. Bb3 d6 8. c3
O-O 9. h3 Nb8 10. d4 Nbd7 11. Nbd2 Bb7 12. Bc2 Re8 13. Nf1 Bf8 14. Ng3 g6 15.
b3 c6 16. Bg5 h6 17. Be3 Qc7 18. a4 Bg7 19. Nh2 d5 20. dxe5 Nxe4 21. Nxe4 dxe4
22. Ng4 Nxe5 23. Bxh6 Nxg4 24. Bxg7 Qh2+ 25. Kf1 e3 26. Qxg4 e2+ 
0-1

[Event "Eliteserien 2009-2010"]
[Site "Haraldsheim"]
[Date "2009.11.06"]
[Round "4"]
[White "Aandal, Kristian"]
[Black "Martinsen, Stig K."]
[Result "0-1"]
[WhiteElo "1906"]
[BlackElo "2173"]
[PlyCount "66"]
[EventDate "2009.??.??"]

1. d4 d6 2. c4 f5 3. Nc3 Nf6 4. Bg5 Nbd7 5. Nf3 g6 6. Qc2 c6 7. e4 fxe4 8. Nxe4
Nxe4 9. Qxe4 Bg7 10. Bd3 Nf6 11. Qe2 Qa5+ 12. Bd2 Qh5 13. O-O-O Bg4 14. Rhe1
O-O-O 15. Qxe7 Rd7 16. Qe3 Bxf3 17. Qxf3 Qxf3 18. gxf3 Rf8 19. Re6 Nh5 20. Bb4
Kc7 21. c5 d5 22. Ba5+ b6 23. cxb6+ axb6 24. Bc3 Nf4 25. Ree1 Ng2 26. Re2 Rxf3
27. Kc2 Rdf7 28. Rg1 Nf4 29. Re3 Rxf2+ 30. Kb3 Nxd3 31. Rxd3 Rxh2 32. Re1 Kd7
33. Rde3 Rh4 
0-1

[Event "Eliteserien 2009-2010"]
[Site "Haraldsheim"]
[Date "2009.11.06"]
[Round "4"]
[White "Byklum, Bjørnar"]
[Black "Grandelius, Nils"]
[Result "0-1"]
[WhiteElo "2318"]
[BlackElo "2431"]
[PlyCount "84"]
[EventDate "2009.??.??"]

1. d4 Nf6 2. c4 e6 3. Nc3 Bb4 4. e3 O-O 5. Bd3 c5 6. Nf3 d5 7. O-O Nc6 8. a3
Bxc3 9. bxc3 dxc4 10. Bxc4 Qc7 11. Qe2 e5 12. h3 b6 13. a4 Bb7 14. Ba3 Rfd8 15.
Rfd1 cxd4 16. cxd4 exd4 17. Nxd4 Nxd4 18. exd4 Bd5 19. Bb5 h6 20. Rac1 Qb7 21.
Qe7 Rdc8 22. Qxb7 Bxb7 23. Bc4 Rc7 24. Bb5 Rac8 25. Rxc7 Rxc7 26. Rc1 Rxc1+ 27.
Bxc1 Nd5 28. h4 f6 29. Bc4 Kf7 30. Bf4 Ke7 31. Bb8 Kd7 32. Bxa7 Kc7 33. Kf1 Nc3
34. a5 bxa5 35. Bc5 Ne4 36. Bb5 Nxc5 37. dxc5 Bc6 38. Bd3 a4 39. g3 Bf3 40. Ke1
Kc6 41. Kd2 Kxc5 42. Kc3 Bd5 
0-1

[Event "Eliteserien 2009-2010"]
[Site "Haraldsheim"]
[Date "2009.11.06"]
[Round "4"]
[White "Harestad, Hans K"]
[Black "Arvola, Benjamin"]
[Result "1/2-1/2"]
[WhiteElo "2190"]
[BlackElo "2216"]
[PlyCount "83"]
[EventDate "2009.??.??"]

1. d4 f5 2. Nf3 e6 3. c4 Nf6 4. e3 d5 5. Bd3 c6 6. O-O Bd6 7. b3 Qe7 8. Bb2 b6
9. Qc1 Bb7 10. Ba3 Bxa3 11. Qxa3 Qxa3 12. Nxa3 Ke7 13. b4 Nbd7 14. Rfc1 g6 15.
c5 Rhb8 16. Nc2 Ne8 17. a4 bxc5 18. bxc5 Nc7 19. Rab1 Ba6 20. Nce1 Bc8 21. Bf1
e5 22. Nxe5 Nxe5 23. dxe5 Ne6 24. Nf3 Bd7 25. Nd4 Rxb1 26. Rxb1 Nxc5 27. Rc1
Nxa4 28. Nxc6+ Ke6 29. Bb5 Nb6 30. f4 Rc8 31. Nd4+ Ke7 32. Ra1 Rc7 33. Bxd7
Kxd7 34. Nb5 Rb7 35. Rxa7 Rxa7 36. Nxa7 Nc4 37. Kf2 Na3 38. Ke2 Kc7 39. Kd3 Kb7
40. e6 Kc7 41. Kd4 Kd6 42. e7 
1/2-1/2

[Event "Eliteserien 2009-2010"]
[Site "Haraldsheim"]
[Date "2009.11.06"]
[Round "4"]
[White "Lundeby, Øyvind Andersen"]
[Black "Astrup, Kim Chr."]
[Result "0-1"]
[WhiteElo "2154"]
[BlackElo "2142"]
[PlyCount "66"]
[EventDate "2009.??.??"]

1. d4 d6 2. Nf3 g6 3. Bf4 Bg7 4. e3 f5 5. Bc4 e6 6. c3 Qe7 7. h3 Nf6 8. Nbd2
O-O 9. Qe2 Nc6 10. Bb3 Kh8 11. Bh2 e5 12. dxe5 dxe5 13. Nc4 Nd7 14. Ba4 Ndb8
15. O-O a6 16. Bc2 b5 17. Ncd2 e4 18. Nd4 Ne5 19. a4 c5 20. N4b3 Bd7 21. axb5
Bxb5 22. c4 Be8 23. Na5 Nec6 24. Bxb8 Nb4 25. Nxe4 Rxb8 26. Nc3 Bf7 27. Rfd1 f4
28. Nd5 Bxd5 29. cxd5 fxe3 30. d6 Qh4 31. Rac1 exf2+ 32. Kf1 Rbe8 33. Qc4 Re1+
0-1

[Event "Eliteserien 2009-2010"]
[Site "Haraldsheim"]
[Date "2009.11.06"]
[Round "4"]
[White "Stenersen, Gudmund"]
[Black "David, Edwin"]
[Result "1/2-1/2"]
[WhiteElo "2205"]
[BlackElo "2197"]
[PlyCount "140"]
[EventDate "2009.??.??"]

1. e4 e6 2. d4 d5 3. Nc3 Nf6 4. e5 Nfd7 5. f4 c5 6. Nf3 Nc6 7. Be3 Be7 8. Qd2
b6 9. g3 O-O 10. h4 cxd4 11. Nxd4 Nxd4 12. Bxd4 Bb7 13. O-O-O Rc8 14. Bh3 Bc5
15. f5 Bxd4 16. Qxd4 Rc4 17. Qd2 Nxe5 18. fxe6 d4 19. Rhe1 f6 20. Kb1 Qe7 21.
Ne2 Nf3 22. Qd3 Rb4 23. Qa3 Re8 24. Rf1 Ne5 25. Rxd4 Nc4 26. Rxc4 Rxc4 27. Qxe7
Rxe7 28. Rd1 Rc8 29. Rd6 g6 30. Nd4 Kf8 31. c3 Ke8 32. Bf1 f5 33. Kc2 Kf8 34.
Bb5 Rec7 35. Bd7 Rd8 36. Nb5 Ke7 37. Rd4 Rc5 38. Nxa7 Rd5 39. Rxd5 Bxd5 40.
Nc8+ Kf6 41. e7 Rxc8 42. Bxc8 Kxe7 43. b3 Kd6 44. Kd3 Ke5 45. Ke3 h6 46. Ba6 g5
47. hxg5 hxg5 48. Bf1 f4+ 49. gxf4+ gxf4+ 50. Kf2 Be4 51. Bc4 Bb1 52. b4 Be4
53. a4 Bc6 54. a5 bxa5 55. bxa5 Kd6 56. Ba6 Kc5 57. Ke1 Bd5 58. Kd2 Be4 59. Bf1
Bc6 60. Kc1 Bd5 61. Kb2 f3 62. Kc2 Bc4 63. Bxc4 Kxc4 64. Kd2 Kb5 65. Ke3 Kxa5
66. Kxf3 Kb5 67. Ke3 Kc4 68. Kd2 Kc5 69. Kd3 Kd5 70. c4+ Kc5 
1/2-1/2

[Event "Eliteserien 2009-2010"]
[Site "Haraldsheim"]
[Date "2009.11.06"]
[Round "4"]
[White "Kvisvik, Brede Alex."]
[Black "Andreassen, Pål"]
[Result "1/2-1/2"]
[WhiteElo "2047"]
[BlackElo "2002"]
[PlyCount "96"]
[EventDate "2009.??.??"]

1. e4 c5 2. Nf3 d6 3. d4 cxd4 4. Nxd4 Nf6 5. Nc3 g6 6. Be3 Bg7 7. f3 O-O 8. Qd2
Nc6 9. O-O-O d5 10. exd5 Nxd5 11. Nxc6 bxc6 12. Bd4 Bxd4 13. Qxd4 Qb6 14. Na4
Qc7 15. h4 Rb8 16. a3 Rd8 17. Nc5 e5 18. Qd2 Qe7 19. Qf2 h5 20. Bd3 Nf4 21.
Rhe1 Rd5 22. Ne4 Nxd3+ 23. Rxd3 Rxd3 24. cxd3 Bf5 25. g4 hxg4 26. fxg4 Bxe4 27.
Rxe4 Qd6 28. Qe3 Rb5 29. d4 exd4 30. Qxd4 Rc5+ 31. Kb1 Qxd4 32. Rxd4 a5 33. b4
axb4 34. Rxb4 f6 35. Kb2 Kf7 36. Rb7+ Kg8 37. Rb8+ Kg7 38. Rb7+ Kh6 39. Rf7 f5
40. gxf5 gxf5 41. Kb3 Kg6 42. Rf8 Kg7 43. Re8 f4 44. Re4 Rf5 45. Kc3 f3 46. Re1
Kg6 47. Kd3 c5 48. Rf1 c4+ 
1/2-1/2

[Event "Eliteserien 2009-2010"]
[Site "Haraldsheim"]
[Date "2009.11.06"]
[Round "4"]
[White "Gabrielsen, Stig"]
[Black "Hammer, Jon Ludvig"]
[Result "0-1"]
[WhiteElo "2302"]
[BlackElo "2605"]
[PlyCount "98"]
[EventDate "2009.??.??"]

1. e4 e5 2. Nf3 Nc6 3. Bb5 a6 4. Ba4 Nf6 5. O-O Be7 6. Re1 b5 7. Bb3 O-O 8. h3
d6 9. c3 Na5 10. Bc2 c5 11. d4 Qc7 12. Nbd2 Bd7 13. Nf1 Nc4 14. Ng3 g6 15. b3
Nb6 16. Bb2 c4 17. Qd2 a5 18. Ba3 Rfe8 19. Rad1 cxb3 20. axb3 Rac8 21. dxe5
dxe5 22. Bxe7 Rxe7 23. Qg5 Re6 24. Rd3 Kh8 25. Red1 Be8 26. Qh4 Rc6 27. Ng5 h5
28. Ne2 Nfd7 29. Nf3 f6 30. Qg3 Nc5 31. R3d2 Ne6 32. Nh4 Kh7 33. Bb1 Nf4 34. c4
bxc4 35. bxc4 Nxe2+ 36. Rxe2 Rd8 37. Rxd8 Qxd8 38. Kh2 Nxc4 39. Ba2 Nd2 40. Re1
Qd4 41. Rd1 Rc3 42. f3 Qe3 43. Be6 Rc2 44. Bd7 Bf7 45. Be6 Nxe4 46. fxe4 Qxg3+
47. Kxg3 Bxe6 48. Rd6 Bc4 49. Rxf6 a4 
0-1

[Event "Eliteserien 2009-2010"]
[Site "Haraldsheim"]
[Date "2009.11.06"]
[Round "4"]
[White "Johannessen, Leif E"]
[Black "Gabrielsen, Trond"]
[Result "1/2-1/2"]
[WhiteElo "2514"]
[BlackElo "2230"]
[PlyCount "59"]
[EventDate "2009.??.??"]

1. d4 Nf6 2. c4 g6 3. g3 Bg7 4. Bg2 O-O 5. Nc3 d6 6. Nf3 a6 7. O-O Nc6 8. Re1
Rb8 9. Rb1 e5 10. d5 Nd4 11. Nh4 c5 12. b4 cxb4 13. Rxb4 Qa5 14. a3 b5 15. e3
Nf5 16. Nxf5 Bxf5 17. cxb5 axb5 18. Bf1 Rfc8 19. Bb2 Rc5 20. Qb3 Ne4 21. Rxe4
Bxe4 22. Qb4 Qxb4 23. axb4 Rxc3 24. Bxc3 Bxd5 25. Rd1 Bf3 26. Rxd6 Rc8 27. Bd2
Bf8 28. Rd7 Bc6 29. Ra7 f6 30. Ra1 
1/2-1/2

[Event "Eliteserien 2009-2010"]
[Site "Haraldsheim"]
[Date "2009.11.06"]
[Round "4"]
[White "Stubberud, Ørnulf"]
[Black "Trinh, Anh-Dan Doan"]
[Result "1-0"]
[WhiteElo "2290"]
[BlackElo "1855"]
[PlyCount "121"]
[EventDate "2009.??.??"]

1. e4 e5 2. Nf3 Nc6 3. Bb5 a6 4. Ba4 b5 5. Bb3 Nf6 6. O-O Be7 7. Re1 d6 8. c3
Bg4 9. d3 O-O 10. Nbd2 Na5 11. Bc2 c5 12. h3 Bd7 13. Nf1 Rb8 14. g4 h5 15. gxh5
Bxh3 16. N3h2 Qd7 17. Qf3 Nc6 18. Bg5 Nh7 19. Bxe7 Nxe7 20. Qg3 g6 21. Re3 Be6
22. f4 Kh8 23. fxe5 gxh5 24. Kh1 Rg8 25. Qh4 Ng6 26. Qxh5 dxe5 27. Ng3 b4 28.
Ne2 bxc3 29. bxc3 Qd6 30. Nf3 f6 31. Rg1 Nf4 32. Nxf4 Rxg1+ 33. Nxg1 exf4 34.
Re2 Qe5 35. Qxe5 fxe5 36. Rg2 Nf6 37. Rg6 Rf8 38. Nf3 Kh7 39. Nxe5 Bxa2 40. d4
cxd4 41. cxd4 a5 42. Rg2 Kh6 43. Rg6+ Kh7 44. Kg2 a4 45. Kf3 Bf7 46. Rg5 Bh5+
47. Kxf4 Kh6 48. Rf5 a3 49. Bb3 Bd1 50. Ba2 Bh5 51. d5 Kg7 52. d6 Be8 53. Ke3
Rh8 54. Rg5+ Kf8 55. Ng6+ Bxg6 56. Rxg6 Rh6 57. Rxh6 Ng4+ 58. Kf4 Nxh6 59. e5
Nf7 60. Kf5 Ke8 61. d7+ 
1-0